Nebenflüsse des Rheins - Sudden Death - Statistiken

Allgemein
  • Dieses Quiz wurde 274 mal gespielt
    197 seit der letzten Aktualisierung
  • Das Durchschnittsergebnis liegt bei 7 aus 13
Answers on the Grid
Answers color-coded by a green-red scale on the quiz's grid according to % correct below.
Saale
Mosel
Ruhr
Oker
Neiße
Erft
Aller
Hase
Lahn
Ems
Aare
Lech
Emscher
Unstrut
Nahe
Ilme
Bode
Spree
Lippe
Maas
Fulda
Zusam
Havel
Main
Eger
Neckar
Schwarze Elster
Regen
Werra
Sieg
Wupper
Leine
 
Antwortstatistiken
Antwort % Korrekt
Mosel
88%
Ruhr
84%
Main
68%
Lahn
62%
Wupper
62%
Neckar
60%
Lippe
51%
Sieg
49%
Erft
46%
Maas
37%
Nahe
35%
Emscher
30%
Aare
22%
Keine übereinstimmenden Quizze gefunden
Verteilung der Resultate
Anzahl Personen mit jedem Resultat
Perzentil nach korrekt beantworteten Fragen
Ihre Resultats-Entwicklung
Sie haben dieses Quiz seit der letzten Aktualisierung nicht gespielt